000 00916nam a2200253Ia 4500
003 OSt
005 20221005104825.0
006 a|||||r|||| 00| 0
007 ta
008 221004b |||||||| |||| 00| 0 hin d
020 _a817312020X (hbk)
_c300
024 _a100938
037 _b376, 04/03/2010, Swaraj Prakashan
_cTextual
040 _aCRL
_cCRL
_bhin
041 _2hin
_ahin
082 _a4,1, 152P3
100 _aगौतम, रूपचन्द
245 0 _aइलेक्ट्रानिक मीडिया के सिद्धान्त
246 _aIlekṭrānik mīḍiyā ke siddhānta
260 _aदिल्ली
_bश्री नटराज प्रकाशन भारत
_c2003
300 _a160पृ0
_ccm.
942 _h4,1, 152P3
_cTEXL
_2cc
999 _c1013905
_d1013905